zpět

Detail výsledku týmu

Burgr's Club, Lednice

Datum a čas kvízu

30.5 Celkem bodů Celkový počet nahraných bodů na tomto kvízu bez doplňovacích otázek.
5. Pořadí na kvízu Konečné umístění týmu na tomto kvízu.

Zaznamenané odpovědi

# Otázka Odpověď Body Výsledky
1. Uveďte lidový název pěvce, jen... černohlávek 0
2. Jeden americký stát zasáhla vl... Florida 1
3. Minulý týden byl představen tr... Michael 1
4. Která fiktivní postava z fanta... B) Draco Malfoy 0
5. Přestože oficiální zahájení ol... v curlingu 1
6. 17. února 1600 byl na Campo de... Giordano Bruno 0
7. 8. února 1700 se narodil Danie... A) proudění tekutin 0
8. Za kulatý letopočet budeme dne... Brouček 1
9. 19. března 1900 se v Paříži na... Frédéric Joliot-Curie 0
10. Od 15. září do 1. října 2000 s... Jan Železný; Sydney 0